Naturaleza, Historia, Dios
Na minha lista:
| Autor principal: | |
|---|---|
| Formato: | Livro |
| Idioma: | espanhol |
| Publicado em: |
Madrid, España
Alianza
2007
|
| Edição: | 13a. ed |
| Assuntos: | |
| Tags: |
Adicionar Tag
Sem tags, seja o primeiro a adicionar uma tag!
|
MARC
| LEADER | 00000cam a2200000 a 4500 | ||
|---|---|---|---|
| 001 | UCG7576 | ||
| 003 | CL-VaPUC | ||
| 005 | 20210604001729.0 | ||
| 008 | 110812e20070000SP |||||||||||||||||spa|d | ||
| 999 | |c 345441 |d 345439 | ||
| 020 | |a 9788420690377 | ||
| 040 | |c Pontificia Universidad Católica de Valparaíso | ||
| 082 | 0 | 4 | |a 128 ZUB 2007 |2 21 |
| 100 | 0 | |a Zubiri, Xavier |e author |9 216 | |
| 245 | 1 | 0 | |a Naturaleza, Historia, Dios |
| 250 | |a 13a. ed | ||
| 260 | |a Madrid, España |b Alianza |c 2007 | ||
| 300 | |a 563 páginas | ||
| 583 | |a last modification |c 20170830 16:17:56 |k Rodrigo Vera | ||
| 650 | 0 | |a Filosofía |9 223554 | |
| 650 | 0 | |a Teología |9 258766 | |
| 650 | 0 | |a Ciencia |9 255691 | |
| 650 | 0 | |a Historia |9 255047 | |
| 852 | |a BIBCUR | ||
| 942 | |c BK |2 ddc | ||
| 945 | |d 20110812 00:00:00 |a dcastane | ||
| 952 | |0 0 |1 0 |3 erb |4 0 |6 128_000000000000000_ZUB_2007 |7 0 |8 A |9 444161 |a BIBEDU |b BIBEDU |i 5192595 |l 4 |m 2 |o 128 ZUB 2007 |p 5192595 |q 2024-08-02 |r 2024-07-03 |s 2024-07-03 |w 2019-11-22 |y BK |z Catalogado en:20150731 |k FIL | ||
| 952 | |0 0 |1 0 |3 erb |4 0 |6 128_000000000000000_ZUB_2007 |7 0 |8 A |9 444162 |a BIBEDU |b BIBEDU |d 2019-08-07 |e 39 |g 53640.00 |i 5557496 |l 3 |o 128 ZUB 2007 |p 5557496 |r 2023-10-11 |s 2023-10-10 |v 53640.00 |w 2019-11-22 |y BK |z Catalogado en:20190809 |k FIL | ||
| 952 | |0 0 |1 0 |3 erb |4 0 |6 128_000000000000000_ZUB_2007 |7 0 |8 A |9 444163 |a BIBEDU |b BIBEDU |d 2019-08-07 |e 39 |g 53640.00 |i 555750K |l 3 |m 1 |o 128 ZUB 2007 |p 555750K |r 2024-08-26 |s 2024-08-23 |v 53640.00 |w 2019-11-22 |y BK |z Catalogado en:20190809 |k FIL | ||